| 000 | 00920nam a22002417a 4500 | ||
|---|---|---|---|
| 999 |
_c177634 _d177634 |
||
| 005 | 20210407152647.0 | ||
| 010 | _aB-739231-233 B-739716 | ||
| 020 |
_a9789390189199 _c499.00 |
||
| 035 | _aB-739231-233 | ||
| 035 | _aB-739716 | ||
| 037 | _bScholastic | ||
| 037 | _bGift | ||
| 082 | _aN | ||
| 100 | _aMartin, Ann M. | ||
| 245 |
_aThe baby-sitters club: _bkristy's great idea part-1 / _cby Ann M. Martin [and] Raina Telgemeier |
||
| 260 |
_aNew York _bScholastic _c2020 |
||
| 270 |
_a557 Broadway _bNew York _eNY 10012 |
||
| 300 |
_a180p.: _c21cm(pbk) _bill. |
||
| 700 | _aTelgemeier, Raina | ||
| 942 |
_2ddc _cCH _hN _mMAR |
||